LEADER 00969nam a2200241 i 4500 001 000000362714 003 CaOOAMICUS 005 20250507101051.0 008 250507s1983 gw u000 u ger u 020 $a3-265-10230-0 040 $aSeMil$bita 100 1 $aBalthasar, Hans Urs : von,$c.$0(OLS)http://semarc/name/881 245 10$a4: Das Endspiel /$cHans Urs von Balthasar. 264 1$aEinsiedeln :$bJohannes,$c1983. 300 $a483 p. ;$c22 cm. 773 0 $aBalthasar, Hans Urs : von $tTheodramatik.$dFreiburg : Johannes, 1976-$g4$w()362551 850 $aSeMil 852 $aSeMil$W1$xVenegono$y1$m2LL III 8$j256580$B253617$CSeMilBibl$Z2$F253617 $81 961 $aBuzzi mons. Franco - Omaggio 996 $6020$a3-265-10230-0$9(OLS)http://semarc/number/303008 996 $6245$a4: Das Endspiel$9(OLS)http://semarc/title/453675 996 $6264$aEinsiedeln :$bJohannes$9(OLS)http://semarc/publisher/32069 LEADER 00767nam a2200193 i 4500 001 000000214262 003 CaOOAMICUS 005 20120629000000.0 008 120629s1932 xx u000 u lat u 013 $a193133 040 $aSeMil$bita 245 10$aDe Virtutibus Moralibus. 300 $a994 p. 500 $aContiene : Appendix. 650 4$aTeologia morale - Manuali.$0(OLS)http://semarc/subject/610 773 0 $aMerkelbach, Benedictus Henricus$tSumma theologiae moralis ad mentem D. Thomae et ad normam Iuris novi.$dBrugis ; Parisiis : Desclée, De Brouwer et Soc., 1931.$g2$w()1612 850 $aSeMil 852 $aSeMil$W1$xVenegono$y1$m2E II 152$j164690$B164690$CSeMilBibl$Z2$F175679 $81 996 $6245$aDe Virtutibus Moralibus$9(OLS)http://semarc/title/308747